[Event "Helmond Rapid op"]
[Site "Helmond"]
[Date "2024.06.15"]
[Round "3"]
[White "Makhmud, Adi"]
[Black "Schroer, Marcel"]
[Result "0-1"]
[WhiteElo "1767"]
[BlackElo "2078"]
[PlyCount "138"]
[EventDate "2024.06.15"]
[EventType "swiss (rapid)"]
[EventRounds "9"]
[EventCountry "NED"]
[SourceTitle "CB25_2024"]
[SourceDate "2024.06.01"]
[SourceVersion "1"]
[SourceVersionDate "2024.06.01"]
[SourceQuality "2"]

1. e4 c6 2. d4 d5 3. e5 Bf5 4. h4 h5 5. Bg5 Qb6 6. Bd3 Bxd3 7. Qxd3 e6 8. Nd2 Ne7 9. Ne2 Nf5 10. 0-0 c5 11. c3 Nc6 12. Nf3 Be7 13. Bxe7 Kxe7 14. Ng3 Nxg3 15. fxg3 Raf8 16. Kh2 Kd7 17. Rad1 cxd4 18. cxd4 Kc8 19. Ng5 Qc7 20. Rf2 Kb8 21. Rdf1 Nd8 22. Rc2 Qd7 23. b4 f6 24. Nf3 Nc6 25. a3 Ne7 26. Rfc1 Rc8 27. Nd2 fxe5 28. dxe5 Nf5 29. Nf3 Rxc2 30. Rxc2 Rc8 31. Ng5 Rc6 32. b5 Rxc2 33. Qxc2 Nd4 34. Qc5 Nxb5 35. a4 Nc7 36. Qf8+ Ne8 37. Qg8 d4 38. Ne4 d3 39. Nd2 a6 40. Qh7 Ka7 41. Qxh5 Qxa4 42. Qf7 Qc6 43. h5 a5 44. Qf2+ b6 45. Qd4 Qd5 46. Qxd5 exd5 47. g4 a4 48. g5 a3 49. h6 a2 50. h7 a1Q 51. h8Q Qxe5+ 52. Kh3 Nd6 53. Qd8 Qf5+ 54. Kh4 Qf2+ 55. Kh5 Qxd2 56. Qd7+ Nb7 57. Qa4+ Qa5 58. Qd4 d2 59. Kg6 Nd6 60. Qxg7+ Ka6 61. Qd4 Qa2 62. Kf6 Ne4+ 63. Kf5 Qb3 64. g6 d1Q 65. Qxd1 Qxd1 66. g7 Nd6+ 67. Kf6 Ne8+ 68. Kf7 Nxg7 69. Kxg7 Qg4+ 0-1

[Event "Helmond Rapid op"]
[Site "Helmond"]
[Date "2024.06.15"]
[Round "7"]
[White "Schroer, Marcel"]
[Black "Reuter, Julian Frank"]
[Result "1-0"]
[WhiteElo "2078"]
[BlackElo "2091"]
[PlyCount "77"]
[EventDate "2024.06.15"]
[EventType "swiss (rapid)"]
[EventRounds "9"]
[EventCountry "NED"]
[SourceTitle "CB25_2024"]
[SourceDate "2024.06.01"]
[SourceVersion "1"]
[SourceVersionDate "2024.06.01"]
[SourceQuality "2"]

1. d4 d5 2. c4 c6 3. Nc3 Nf6 4. e3 e6 5. Nf3 Nbd7 6. Be2 Bd6 7. 0-0 0-0 8. b3 b6 9. Bb2 Bb7 10. Bd3 Rc8 11. Rc1 c5 12. cxd5 Nxd5 13. Nxd5 Bxd5 14. Bc4 Bb7 15. d5 exd5 16. Bxd5 Bxd5 17. Qxd5 Nf6 18. Qg5 Be7 19. Rfd1 Qc7 20. Ne5 h6 21. Qf5 Rcd8 22. Ng4 Nxg4 23. Qxg4 g6 24. h4 h5 25. Qe4 Rxd1+ 26. Rxd1 Rd8 27. Rxd8+ Qxd8 28. g3 a6 29. Qe5 f6 30. Qe4 Kg7 31. Kg2 b5 32. g4 hxg4 33. Qxg4 Qd5+ 34. e4 Qh5 35. Qe6 Bd8 36. Qd7+ Kh6 37. Qxd8 Qg4+ 38. Kf1 Qd1+ 39. Qxd1 1-0

[Event "Helmond Rapid op"]
[Site "Helmond"]
[Date "2024.06.15"]
[Round "1"]
[White "Ten Kate, Gustav"]
[Black "Schroer, Marcel"]
[Result "1-0"]
[WhiteElo "1636"]
[BlackElo "2078"]
[PlyCount "64"]
[EventDate "2024.06.15"]
[EventType "swiss (rapid)"]
[EventRounds "9"]
[EventCountry "NED"]
[SourceTitle "CB25_2024"]
[SourceDate "2024.06.01"]
[SourceVersion "1"]
[SourceVersionDate "2024.06.01"]
[SourceQuality "2"]

1. e4 c6 2. d4 d5 3. Nd2 dxe4 4. Nxe4 Nf6 5. Nxf6+ exf6 6. c3 Bd6 7. Bd3 0-0 8. Qc2 Re8+ 9. Ne2 h5 10. 0-0 h4 11. Nf4 Nd7 12. Qd1 Nf8 13. Qh5 Qc7 14. g3 g6 15. Nxg6 fxg6 16. Bxg6 Re7 17. Bh6 Bh3 18. Rfe1 hxg3 19. hxg3 Bxg3 20. Rxe7 Qxe7 21. fxg3 Nxg6 22. Qxg6+ Kh8 23. Qh5 Be6 24. Bg5+ Qh7 25. Bxf6+ Kg8 26. Qg5+ Kf7 27. Rf1 Rg8 28. Qf4 Qh3 29. Bg5+ Kg7 30. Qe5+ Kh7 31. Qe4+ Rg6 32. Bh4 Bd5 1-0

[Event "Helmond Rapid op"]
[Site "Helmond"]
[Date "2024.06.15"]
[Round "6"]
[White "Timmer, Michel"]
[Black "Schroer, Marcel"]
[Result "0-1"]
[WhiteElo "1805"]
[BlackElo "2078"]
[PlyCount "138"]
[EventDate "2024.06.15"]
[EventType "swiss (rapid)"]
[EventRounds "9"]
[EventCountry "NED"]
[SourceTitle "CB25_2024"]
[SourceDate "2024.06.01"]
[SourceVersion "1"]
[SourceVersionDate "2024.06.01"]
[SourceQuality "2"]

1. e4 c6 2. d4 d5 3. e5 Bf5 4. h4 h5 5. Bg5 Qb6 6. Bd3 Bxd3 7. Qxd3 Qa6 8. Qxa6 Nxa6 9. e6 f6 10. Bf4 Nh6 11. Nd2 0-0-0 12. Ngf3 Nf5 13. 0-0 Nc7 14. Rfe1 g6 15. Rad1 Bh6 16. Bxh6 Rxh6 17. c4 Rd6 18. cxd5 cxd5 19. Rc1 Kd8 20. Nb3 Rxe6 21. Nc5 Rxe1+ 22. Rxe1 b6 23. Nd3 Kd7 24. Nf4 Ng7 25. Kf1 Nge6 26. Nd3 Rh8 27. Ke2 Rc8 28. Ke3 a5 29. Rc1 Nb5 30. Rxc8 Kxc8 31. Nf4 Nxf4 32. Kxf4 Kd7 33. g4 hxg4 34. Kxg4 Ke6 35. Kf4 Nd6 36. b3 b5 37. Ne1 Nf5 38. Nf3 b4 39. Kg4 Nd6 40. Ne1 Nb5 41. Nc2 Kd6 42. f4 Ke6 43. f5+ Kf7 44. fxg6+ Kxg6 45. Ne3 e6 46. Nc2 Nd6 47. Ne1 Nf5 48. Nf3 Ne3+ 49. Kf4 Nd1 50. Ne1 Nc3 51. Nd3 Nxa2 52. Nc5 Nc1 53. Kg4 a4 54. bxa4 b3 55. Nxb3 Nxb3 56. h5+ Kh6 57. Kh4 Nxd4 58. a5 Nc6 59. a6 d4 60. Kg3 Kxh5 61. Kf3 Kg5 62. Ke4 e5 63. Kd5 Na7 64. Kc5 d3 65. Kb6 d2 66. Kxa7 d1Q 67. Kb7 Qb1+ 68. Ka8 Qa1 69. a7 Qxa7+ 0-1

[Event "Utrecht OKU op 49th"]
[Site "Utrecht"]
[Date "2024.05.12"]
[Round "6"]
[White "Schroer, Marcel"]
[Black "Ten Hertog, Hugo"]
[Result "1/2-1/2"]
[WhiteElo "2093"]
[BlackElo "2524"]
[PlyCount "87"]
[EventDate "2024.05.10"]
[EventType "swiss"]
[EventRounds "6"]
[EventCountry "NED"]
[SourceTitle "CB20_2024"]
[SourceDate "2024.05.16"]
[SourceVersion "1"]
[SourceVersionDate "2024.05.16"]
[SourceQuality "1"]

1. d4 g6 2. e4 Bg7 3. c4 e6 4. Nc3 Ne7 5. Nf3 d5 6. Bd3 Nbc6 7. Be3 0-0 8. 0-0 e5 9. Nxd5 Nxd4 10. Nxd4 Nxd5 11. cxd5 exd4 12. Bf4 f5 13. Qd2 fxe4 14. Bxe4 Bf5 15. Bf3 Rc8 16. Rac1 Rf7 17. Rfe1 Qd7 18. h3 h5 19. Be5 d3 20. Bxg7 Kxg7 21. Re3 Re8 22. Rxc7 Qxc7 23. Rxe8 Kh7 24. Qg5 Qd7 25. Qe3 Qd6 26. g4 Bd7 27. Re4 hxg4 28. Bxg4 Bxg4 29. hxg4 Qxd5 30. Rd4 Qc5 31. Rxd3 Qb4 32. Qd4 Qxd4 33. Rxd4 Kg7 34. f4 Rc7 35. Rb4 Kf6 36. Kf2 b6 37. Ke3 Rc2 38. Rb5 Rg2 39. a4 Rxg4 40. a5 bxa5 41. Rxa5 Rg2 42. Ra6+ Kf5 43. Ra5+ Kf6 44. Ra6+ 1/2-1/2

[Event "Reykjavik op"]
[Site "Reykjavik"]
[Date "2024.03.20"]
[Round "8"]
[White "Schroer, Marcel"]
[Black "Nicholson, Devin"]
[Result "0-1"]
[WhiteElo "2073"]
[BlackElo "1822"]
[PlyCount "46"]
[EventDate "2024.03.15"]
[EventType "swiss"]
[EventRounds "9"]
[EventCountry "ISL"]
[SourceTitle "CB13_2024"]
[SourceDate "2024.03.27"]
[SourceVersion "1"]
[SourceVersionDate "2024.03.27"]
[SourceQuality "1"]

1. d4 d5 2. c4 e6 3. Nf3 a6 4. Bg5 Be7 5. Bxe7 Qxe7 6. Nbd2 Nf6 7. g3 0-0 8. Bg2 dxc4 9. Nxc4 c5 10. 0-0 Nc6 11. dxc5 Qxc5 12. Rc1 Qe7 13. Qb3 e5 14. Nb6 Be6 15. Qa4 Rad8 16. e3 Nd5 17. Nxd5 Bxd5 18. Rfd1 h6 19. Rd2 Qf6 20. Ne1 Bb3 21. Qxb3 Rxd2 22. Qxb7 Qxf2+ 23. Kh1 Re2 0-1

[Event "Reykjavik op"]
[Site "Reykjavik"]
[Date "2024.03.18"]
[Round "5"]
[White "Naudin, Yvan"]
[Black "Schroer, Marcel"]
[Result "0-1"]
[WhiteElo "1912"]
[BlackElo "2073"]
[PlyCount "78"]
[EventDate "2024.03.15"]
[EventType "swiss"]
[EventRounds "9"]
[EventCountry "ISL"]
[SourceTitle "CB13_2024"]
[SourceDate "2024.03.27"]
[SourceVersion "1"]
[SourceVersionDate "2024.03.27"]
[SourceQuality "1"]

1. d4 d5 2. c4 c6 3. Nc3 Nf6 4. Nf3 dxc4 5. a4 Bf5 6. e3 e6 7. Bxc4 Bb4 8. 0-0 0-0 9. Qe2 Bg6 10. Ne5 Nbd7 11. Nxg6 hxg6 12. Na2 Bd6 13. e4 e5 14. dxe5 Nxe5 15. Bb3 Nfg4 16. h3 Qh4 17. Bf4 Nf6 18. Bg3 Qxe4 19. Qxe4 Nxe4 20. Bxe5 Bxe5 21. Rfe1 Nc5 22. Bxf7+ Rxf7 23. Rxe5 Nxa4 24. b3 Nb6 25. Nc3 Nd7 26. Rg5 Nf8 27. Ne4 b6 28. Nd6 Rd7 29. Nc4 Rad8 30. Kh2 Rc7 31. Ne5 Rd6 32. Nc4 Re6 33. Rd1 Rd7 34. Ra1 c5 35. Ne3 a5 36. Rb1 Rd3 37. Kg3 Nh7 38. Rg4 Nf6 39. Rc4 Ne4+ 0-1

[Event "Reykjavik op"]
[Site "Reykjavik"]
[Date "2024.03.16"]
[Round "3"]
[White "Held, Jesper"]
[Black "Schroer, Marcel"]
[Result "0-1"]
[WhiteElo "1793"]
[BlackElo "2073"]
[PlyCount "88"]
[EventDate "2024.03.15"]
[EventType "swiss"]
[EventRounds "9"]
[EventCountry "ISL"]
[SourceTitle "CB13_2024"]
[SourceDate "2024.03.27"]
[SourceVersion "1"]
[SourceVersionDate "2024.03.27"]
[SourceQuality "1"]

1. Nf3 d5 2. d4 Nf6 3. c4 c6 4. Nc3 dxc4 5. e3 b5 6. a4 b4 7. Ne2 a5 8. Nf4 Ba6 9. Ne5 e6 10. Qf3 Qc7 11. Nxc4 Be7 12. b3 0-0 13. g4 Nbd7 14. Bb2 c5 15. Bg2 cxd4 16. exd4 Ra7 17. Rc1 Bb7 18. Qg3 Bxg2 19. Nxg2 Qxg3 20. hxg3 Nxg4 21. Rh5 Bd8 22. Nd6 Ngf6 23. Rb5 Nd5 24. Ne3 Nxe3 25. fxe3 Bc7 26. Ne4 f5 27. Ng5 Bxg3+ 28. Ke2 Re8 29. Rc6 Nf8 30. Rbb6 Bc7 31. Ra6 Rxa6 32. Rxa6 h6 33. Nf3 Nd7 34. Ra7 Rc8 35. Nd2 h5 36. Nf3 Nf6 37. Ra6 Bg3 38. Kd3 h4 39. Ng5 Ne4 40. Nf3 h3 41. Rxe6 Ng5 42. Rg6 Nxf3 43. Rxg3 h2 44. Rh3 Rc6 0-1

[Event "Belt and Road Hunan op-B"]
[Site "Changsha"]
[Date "2019.08.02"]
[Round "8"]
[White "Schroer, Marcel"]
[Black "Janchivnyambuu, Enkhbayar"]
[Result "0-1"]
[WhiteElo "2061"]
[BlackElo "2039"]
[PlyCount "118"]
[EventDate "2019.07.29"]
[EventType "swiss"]
[EventRounds "9"]
[EventCountry "CHN"]
[SourceTitle "EXT 2020"]
[Source "ChessBase"]
[SourceDate "2019.10.17"]
[SourceVersion "1"]
[SourceVersionDate "2019.10.17"]
[SourceQuality "1"]

1. e4 c5 2. Nf3 Nc6 3. Bb5 g6 4. 0-0 Bg7 5. Re1 Nf6 6. e5 Nd5 7. Nc3 Nc7 8. Bxc6 dxc6 9. d3 0-0 10. a4 a5 11. Ne4 b6 12. Bf4 Nd5 13. Bg3 Nb4 14. h3 Bf5 15. Ned2 Bh6 16. Nc4 b5 17. Na3 Qd7 18. Qe2 Rfd8 19. Rad1 Qb7 20. Nh4 Be6 21. f4 Na6 22. f5 gxf5 23. Qh5 Bg7 24. Nxf5 Kh8 25. Nxg7 Kxg7 26. Re4 Rg8 27. Rf1 Kh8 28. Rh4 Rg7 29. Rf6 Qd7 30. Rh6 Bf5 31. axb5 Bg6 32. Qf3 Nb4 33. bxc6 Qxc6 34. Qxc6 Nxc6 35. Bf2 Nxe5 36. Bxc5 Nc6 37. Bd4 e5 38. Bc3 f6 39. Rc4 Ne7 40. Rhh4 Nf5 41. Rhg4 h5 42. Rxg6 Rxg6 43. Ra4 h4 44. d4 Rag8 45. g4 hxg3 46. dxe5 Rd8 47. exf6 Kg8 48. Re4 Rd1+ 49. Kg2 Rc1 50. Bxa5 Rxf6 51. Bc3 Rg6 52. Be5 Rd1 53. Bc3 Kh7 54. Nc4 Rc1 55. Na3 Rc6 56. Rf4 Kg6 57. Rg4+ Kh5 58. Rg8 Nh4+ 59. Kxg3 Rg1+ 0-1

[Event "Belt and Road Hunan op-B"]
[Site "Changsha"]
[Date "2019.07.29"]
[Round "1"]
[White "Yu, Lie"]
[Black "Schroer, Marcel"]
[Result "1-0"]
[WhiteElo "2316"]
[BlackElo "2061"]
[PlyCount "51"]
[EventDate "2019.07.29"]
[EventType "swiss"]
[EventRounds "9"]
[EventCountry "CHN"]
[SourceTitle "EXT 2020"]
[Source "ChessBase"]
[SourceDate "2019.10.17"]
[SourceVersion "1"]
[SourceVersionDate "2019.10.17"]
[SourceQuality "1"]

1. d4 d5 2. c4 c6 3. Nc3 Nf6 4. e3 Bf5 5. cxd5 cxd5 6. Qb3 Nc6 7. Qxb7 Bd7 8. Qb3 Rb8 9. Qd1 e5 10. dxe5 Ne4 11. Qxd5 Nxc3 12. bxc3 Qc7 13. Nf3 Nb4 14. Qd2 Bf5 15. Nd4 Qxe5 16. Ba3 Nc2+ 17. Nxc2 Bxa3 18. Nxa3 0-0 19. Nc4 Qf6 20. Qd4 Qc6 21. Qd6 Qc8 22. Be2 Rd8 23. Qf4 Rb2 24. Nxb2 Qxc3+ 25. Kf1 Qxb2 26. Re1 1-0

[Event "BEL-chT 1819"]
[Site "Belgium"]
[Date "2019.04.07"]
[Round "11.4"]
[White "Schroer, Marcel"]
[Black "Kerigan, Demre"]
[Result "0-1"]
[WhiteElo "2064"]
[BlackElo "2366"]
[PlyCount "100"]
[EventDate "2018.09.30"]
[EventType "team-tourn"]
[EventRounds "11"]
[EventCountry "BEL"]
[SourceTitle "CBM 189 Extra"]
[Source "ChessBase"]
[SourceDate "2019.06.03"]
[SourceVersion "1"]
[SourceVersionDate "2019.06.03"]
[SourceQuality "1"]
[WhiteTeam "Brasschaat"]
[BlackTeam "Wachtebeke"]
[WhiteTeamCountry "BEL"]
[BlackTeamCountry "BEL"]

1. d4 d6 2. Nf3 g6 3. c4 Bg7 4. g3 Nd7 5. Bg2 e5 6. Nc3 Ne7 7. 0-0 0-0 8. e4 exd4 9. Nxd4 Nc6 10. Nxc6 bxc6 11. Qd2 Qf6 12. f4 Qd4+ 13. Qxd4 Bxd4+ 14. Kh1 Ba6 15. Rd1 Bxc3 16. bxc3 Bxc4 17. Rd4 Nb6 18. Be3 Rfe8 19. Bf2 Rab8 20. g4 c5 21. Rd2 Ba6 22. Bh4 Nc4 23. Rf2 Bb7 24. Re1 Bc6 25. Kg1 Nb2 26. Rd2 a5 27. Bf6 a4 28. h4 a3 29. h5 Re6 30. e5 Bxg2 31. Kxg2 Rbe8 32. exd6 cxd6 33. Rxe6 Rxe6 34. g5 Nc4 35. Rf2 Ne3+ 36. Kh3 Nd5 37. hxg6 fxg6 38. Rf3 Nxf6 39. gxf6 Re2 40. Rd3 Rxa2 41. Rxd6 Ra1 42. Ra6 a2 43. Kg2 Kf7 44. Kh2 h6 45. Kg2 g5 46. fxg5 hxg5 47. Kh2 g4 48. Kg2 c4 49. Kh2 g3+ 50. Kg2 Kg6 0-1

[Event "Douglas IoM op"]
[Site "Douglas"]
[Date "2018.10.21"]
[Round "2"]
[White "Bellin, Robert"]
[Black "Schroer, Marcel"]
[Result "1/2-1/2"]
[WhiteElo "2326"]
[BlackElo "2064"]
[PlyCount "124"]
[EventDate "2018.10.20"]
[EventType "swiss"]
[EventRounds "9"]
[EventCountry "ENG"]
[SourceTitle "CBM 187"]
[Source "ChessBase"]
[SourceDate "2018.12.11"]
[SourceVersion "1"]
[SourceVersionDate "2018.12.11"]
[SourceQuality "1"]

1. e4 d6 2. d4 Nf6 3. Nc3 g6 4. f4 Bg7 5. Nf3 0-0 6. Bd3 Na6 7. 0-0 c5 8. d5 Bg4 9. Bc4 Nc7 10. h3 Bxf3 11. Qxf3 a6 12. a4 b6 13. Qd3 e6 14. Bd2 exd5 15. exd5 Qc8 16. Rab1 Rb8 17. Rfe1 b5 18. axb5 axb5 19. Nxb5 Nxb5 20. Bxb5 Nxd5 21. Qxd5 Rxb5 22. Bc3 Bxc3 23. bxc3 Rxb1 24. Rxb1 Qe6 25. Qxe6 fxe6 26. Rb6 Rxf4 27. Rxd6 Kf7 28. Rd7+ Kf6 29. Rxh7 Rc4 30. Rd7 Rxc3 31. Rd2 e5 32. Rf2+ Ke6 33. Re2 Kf5 34. Rf2+ Ke4 35. h4 Ke3 36. Rf6 Rxc2 37. Rxg6 c4 38. h5 Rc1+ 39. Kh2 Ra1 40. Rc6 Kd3 41. g4 e4 42. h6 e3 43. h7 Ra8 44. g5 Re8 45. Ra6 e2 46. Ra1 c3 47. g6 c2 48. g7 e1Q 49. Rxe1 Rxe1 50. g8Q Re2+ 51. Kg3 Re3+ 52. Kg4 Re4+ 53. Kf5 c1Q 54. Qd5+ Rd4 55. Qf3+ Kd2 56. Qg2+ Kd3 57. Qf3+ Kd2 58. Qf2+ Kd3 59. Qg3+ Ke2 60. Qe5+ Kf3 61. Qxd4 Qc2+ 62. Kg5 Qxh7 1/2-1/2

[Event "Douglas IoM op"]
[Site "Douglas"]
[Date "2018.10.20"]
[Round "1"]
[White "Schroer, Marcel"]
[Black "Daulyte Cornette, Deimante"]
[Result "0-1"]
[WhiteElo "2064"]
[BlackElo "2462"]
[PlyCount "100"]
[EventDate "2018.10.20"]
[EventType "swiss"]
[EventRounds "9"]
[EventCountry "ENG"]
[SourceTitle "CBM 187"]
[Source "ChessBase"]
[SourceDate "2018.12.11"]
[SourceVersion "1"]
[SourceVersionDate "2018.12.11"]
[SourceQuality "1"]

1. Nf3 Nf6 2. c4 g6 3. g3 Bg7 4. Bg2 0-0 5. d4 d6 6. 0-0 Nc6 7. Nc3 e5 8. d5 Nb8 9. c5 Nbd7 10. cxd6 cxd6 11. a4 Nc5 12. Nd2 Ne8 13. b4 Nd7 14. Qb3 f5 15. Nc4 e4 16. Be3 Ne5 17. Rac1 Nxc4 18. Qxc4 Bd7 19. Qb3 Nf6 20. Bd4 Ng4 21. Bxg7 Kxg7 22. Nd1 Rc8 23. Ne3 Nxe3 24. Qxe3 Qb6 25. Qb3 Kg8 26. e3 Qa6 27. b5 Qb6 28. Qb4 Rc5 29. Rxc5 Qxc5 30. Qxc5 dxc5 31. Ra1 Rc8 32. Bf1 c4 33. Rc1 c3 34. Be2 Kf7 35. Bd1 Ke7 36. Bb3 Kd6 37. Kf1 Be8 38. Ke1 Bf7 39. Kd1 g5 40. Kc2 Bh5 41. Ba2 Be2 42. Bb3 Bd3+ 43. Kd1 h5 44. Ke1 h4 45. Kd1 Ke5 46. Ke1 hxg3 47. hxg3 f4 48. gxf4+ gxf4 49. d6 fxe3 50. d7 Rf8 0-1

[Event "Brasschaat op 17th"]
[Site "Brasschaat"]
[Date "2017.08.23"]
[Round "5"]
[White "Schroer, Marcel"]
[Black "Grochal, Joey"]
[Result "0-1"]
[WhiteElo "2020"]
[BlackElo "2186"]
[PlyCount "86"]
[EventDate "2017.08.19"]
[EventType "swiss"]
[EventRounds "9"]
[EventCountry "BEL"]
[SourceTitle "CBM 180 Extra"]
[Source "ChessBase"]
[SourceDate "2017.10.06"]
[SourceVersion "1"]
[SourceVersionDate "2017.10.06"]
[SourceQuality "1"]

1. c4 b6 2. Nc3 Bb7 3. e4 e5 4. Nge2 Bc5 5. d3 Qf6 6. f3 Ne7 7. Bd2 Nbc6 8. a3 Nd4 9. Nxd4 Bxd4 10. Nb5 Qc6 11. Nxd4 exd4 12. Be2 f5 13. 0-0 0-0 14. Qe1 Qf6 15. Qg3 d6 16. Bg5 Qf7 17. Bxe7 Qxe7 18. Rae1 f4 19. Qf2 Qe5 20. g4 a5 21. Rd1 a4 22. Rd2 Bc8 23. Qg2 Rf6 24. Rf2 Rh6 25. Qf1 Bd7 26. Qd1 Kf7 27. Bf1 Rh4 28. h3 g5 29. Rh2 Rh8 30. Rdf2 h5 31. Qd2 Rh6 32. Qe2 Ke7 33. Qd2 Kd8 34. Kh1 Kc8 35. Kg1 Kb7 36. Kh1 Kb8 37. Qc2 Kc8 38. Qd2 Kb7 39. Qc2 hxg4 40. hxg4 Bxg4 41. fxg4 f3 42. Rxh4 Rxh4+ 43. Rh2 Qg3 0-1

[Event "Biel MTO op 50th"]
[Site "Biel"]
[Date "2017.07.30"]
[Round "6"]
[White "Schroer, Marcel"]
[Black "Al Sayed, Mohammed"]
[Result "0-1"]
[WhiteElo "2020"]
[BlackElo "2508"]
[PlyCount "112"]
[EventDate "2017.07.24"]
[EventType "swiss"]
[EventRounds "9"]
[EventCountry "SUI"]
[SourceTitle "CBM 179 Extra"]
[Source "ChessBase"]
[SourceDate "2017.08.23"]
[SourceVersion "1"]
[SourceVersionDate "2017.08.23"]
[SourceQuality "1"]

1. d4 Nf6 2. c4 g6 3. Nf3 Bg7 4. g3 0-0 5. Bg2 d6 6. 0-0 Nc6 7. Nc3 a6 8. b3 Rb8 9. Nd5 Nh5 10. Bb2 e6 11. Ne3 f5 12. Qd2 Ne7 13. Rfd1 Bd7 14. Rac1 Bh6 15. Rc2 Nf6 16. Qe1 f4 17. Nf1 b5 18. e4 bxc4 19. Rxc4 Nxe4 20. Qxe4 d5 21. Qe5 Bg7 22. Qxc7 dxc4 23. Qxc4 Nd5 24. Ne5 Bb5 25. Qc1 Rc8 26. Qd2 Qd6 27. a4 Bc6 28. Nc4 Qb8 29. Ba3 Rfd8 30. Qe1 Kh8 31. Rd3 Nb6 32. Nxb6 Qxb6 33. Bxc6 Qxc6 34. gxf4 Rxd4 35. Re3 Re8 36. Bb2 Rxf4 37. Bxg7+ Kxg7 38. Re5 Qf3 39. Re3 Qd5 40. Ng3 Rd4 41. Qc3 e5 42. Re1 Rd1 43. Rxd1 Qxd1+ 44. Kg2 Qd4 45. Qc6 Rf8 46. Ne4 Rf7 47. f3 a5 48. Qe6 Rc7 49. Qf6+ Kg8 50. Qe6+ Kf8 51. h4 Rf7 52. Ng5 Qd2+ 53. Kh3 Qd7 54. Kg3 Qxe6 55. Nxe6+ Ke7 56. Ng5 Rf8 0-1

[Event "Delft Prinsenstad op 10th"]
[Site "Delft"]
[Date "2017.04.14"]
[Round "1"]
[White "Schroer, Marcel"]
[Black "Voogt, Bob"]
[Result "0-1"]
[WhiteElo "2054"]
[BlackElo "2126"]
[PlyCount "79"]
[EventDate "2017.04.14"]
[EventType "swiss"]
[EventRounds "6"]
[EventCountry "NED"]
[SourceTitle "CBM 177 Extra"]
[Source "ChessBase"]
[SourceDate "2017.04.27"]
[SourceVersion "1"]
[SourceVersionDate "2017.04.27"]
[SourceQuality "1"]

1. c4 f5 2. g3 Nf6 3. Bg2 e6 4. Nf3 Be7 5. 0-0 0-0 6. d3 d6 7. Nc3 c6 8. Rb1 a5 9. a3 e5 10. b4 axb4 11. axb4 Kh8 12. b5 h6 13. bxc6 bxc6 14. c5 Qc7 15. Nh4 Kh7 16. cxd6 Qxd6 17. Bd2 Be6 18. Qc2 Nbd7 19. e4 g6 20. Na4 Rab8 21. exf5 Bxf5 22. Nxf5 gxf5 23. Rxb8 Nxb8 24. Rc1 Nd5 25. Nc5 Bg5 26. h4 Bxd2 27. Qxd2 Nd7 28. Nxd7 Qxd7 29. Qa5 Re8 30. Bxd5 Qxd5 31. Qc7+ Kg6 32. Rxc6+ Re6 33. h5+ Kf6 34. Rxe6+ Kxe6 35. Qg7 Qxd3 36. Qxh6+ Kd5 37. Qg5 Qd1+ 38. Kg2 Ke4 39. f3+ Qxf3+ 40. Kh3 0-1

[Event "Schwarzach op 31st"]
[Site "Schwarzach"]
[Date "2016.08.21"]
[Round "2"]
[White "Krebs, Johann"]
[Black "Schroer, Marcel"]
[Result "1/2-1/2"]
[WhiteElo "2277"]
[BlackElo "2039"]
[PlyCount "91"]
[EventDate "2016.08.20"]
[EventType "swiss"]
[EventRounds "9"]
[EventCountry "AUT"]
[SourceTitle "CBM 174 Extra"]
[Source "ChessBase"]
[SourceDate "2016.10.10"]
[SourceVersion "1"]
[SourceVersionDate "2016.10.10"]
[SourceQuality "1"]

1. d4 g6 2. c4 Bg7 3. Nc3 Nf6 4. e4 d6 5. Be2 0-0 6. Nf3 Na6 7. 0-0 e5 8. Be3 Ng4 9. Bg5 f6 10. Bc1 Qe8 11. h3 Nh6 12. dxe5 fxe5 13. Be3 Nf7 14. Qd2 b6 15. Rfc1 Bb7 16. Nd5 Rc8 17. Ne1 c6 18. Nc3 Nc5 19. b4 Ne6 20. Bg4 Rd8 21. Nf3 h5 22. Bxe6 Qxe6 23. Qe2 d5 24. Ng5 Nxg5 25. Bxg5 Rd7 26. cxd5 cxd5 27. Nxd5 Bxd5 28. exd5 Rxd5 29. Rc7 e4 30. Rxg7+ Kxg7 31. Be3 Rfd8 32. Rc1 Qd6 33. Qb2+ Kh7 34. g3 Rd1+ 35. Rxd1 Qxd1+ 36. Kh2 Qd6 37. Qc2 Qe6 38. Qc7+ Rd7 39. Qc8 Qe7 40. a4 Qd8 41. Qc6 Qe7 42. b5 Rd6 43. Qa8 Rd8 44. Qc6 Rd6 45. Qa8 Rd8 46. Qc6 1/2-1/2

[Event "Leiden op-A 10th"]
[Site "Leiden"]
[Date "2016.07.22"]
[Round "7"]
[White "Schroer, Marcel"]
[Black "Baak, Evert"]
[Result "1-0"]
[WhiteElo "2033"]
[BlackElo "1924"]
[PlyCount "55"]
[EventDate "2016.07.15"]
[EventType "swiss"]
[EventRounds "9"]
[EventCountry "NED"]
[SourceTitle "CBM 173 Extra"]
[Source "ChessBase"]
[SourceDate "2016.08.29"]
[SourceVersion "1"]
[SourceVersionDate "2016.08.29"]
[SourceQuality "1"]

1. c4 Nf6 2. g3 g6 3. Bg2 Bg7 4. Nc3 0-0 5. e4 d6 6. Nge2 e5 7. d3 c6 8. 0-0 Nh5 9. Be3 f5 10. Qd2 Be6 11. Rad1 Qe7 12. b3 Nd7 13. d4 Nhf6 14. Bg5 Qe8 15. dxe5 dxe5 16. Bh6 Nh5 17. Bxg7 Kxg7 18. f4 exf4 19. Nxf4 Nxf4 20. Qxf4 Qb8 21. Rd6 fxe4 22. Qd2 Rxf1+ 23. Kxf1 Qe8 24. Nxe4 Qe7 25. Qd4+ Kf7 26. h4 h6 27. c5 Rf8 28. Rxe6 1-0

[Event "Leiden op-A 10th"]
[Site "Leiden"]
[Date "2016.07.18"]
[Round "4"]
[White "Ratsma, Midas"]
[Black "Schroer, Marcel"]
[Result "1-0"]
[WhiteElo "2171"]
[BlackElo "2033"]
[PlyCount "77"]
[EventDate "2016.07.15"]
[EventType "swiss"]
[EventRounds "9"]
[EventCountry "NED"]
[SourceTitle "CBM 173 Extra"]
[Source "ChessBase"]
[SourceDate "2016.08.29"]
[SourceVersion "1"]
[SourceVersionDate "2016.08.29"]
[SourceQuality "1"]

1. d4 d5 2. Bf4 Nf6 3. e3 c5 4. Nc3 cxd4 5. exd4 a6 6. Nf3 Nc6 7. Be2 Bf5 8. 0-0 e6 9. Re1 Be7 10. Nh4 Bg6 11. Nxg6 hxg6 12. Na4 Rc8 13. c3 Bd6 14. Bxd6 Qxd6 15. h3 Qf4 16. Bf3 0-0 17. Nc5 Rc7 18. Qe2 Rfc8 19. a4 Na5 20. g3 Qd6 21. Kg2 Nd7 22. Rad1 Qc6 23. b4 Nxc5 24. dxc5 Nc4 25. Qxc4 dxc4 26. Bxc6 Rxc6 27. a5 Kf8 28. Re4 Ke7 29. Rxc4 g5 30. Rg4 f6 31. h4 e5 32. hxg5 f5 33. Rh4 Rg6 34. Rd5 Rxg5 35. Rxe5+ Kf6 36. Rd5 Rc7 37. Rhd4 Ke7 38. f4 Rh5 39. Re5+ 1-0

[Event "Leiden op-A 10th"]
[Site "Leiden"]
[Date "2016.07.16"]
[Round "2"]
[White "Beerdsen, Thomas"]
[Black "Schroer, Marcel"]
[Result "1-0"]
[WhiteElo "2414"]
[BlackElo "2033"]
[PlyCount "75"]
[EventDate "2016.07.15"]
[EventType "swiss"]
[EventRounds "9"]
[EventCountry "NED"]
[SourceTitle "CBM 173 Extra"]
[Source "ChessBase"]
[SourceDate "2016.08.29"]
[SourceVersion "1"]
[SourceVersionDate "2016.08.29"]
[SourceQuality "1"]

1. e4 c6 2. d4 d5 3. Nd2 dxe4 4. Nxe4 Bf5 5. Ng3 Bg6 6. h4 h6 7. Nf3 Nd7 8. h5 Bh7 9. Bd3 Bxd3 10. Qxd3 e6 11. Bd2 Qc7 12. 0-0-0 0-0-0 13. Ne4 Ngf6 14. Nxf6 Nxf6 15. Qe2 Bd6 16. Kb1 Kb8 17. c4 c5 18. Bc3 cxd4 19. Nxd4 a6 20. f3 Ka8 21. Nb3 Bg3 22. Rc1 Rd7 23. c5 Rd5 24. c6 Rb8 25. Ba5 b6 26. Qxa6+ Qa7 27. Qxa7+ Kxa7 28. Bc3 Nxh5 29. Nd4 Bf2 30. c7 Re8 31. Nc6+ Kb7 32. Nd8+ Kxc7 33. Nxf7 Re7 34. Bf6+ Kd7 35. Ne5+ Rxe5 36. Bxe5 Ng3 37. Rhd1+ Ke8 38. Rc2 1-0